[Event "GBR-ch84"]
[Site "Hove"]
[Date "1997.08.04"]
[Round "1"]
[White "Rowson, Jonathan"]
[Black "Greet, Andrew N"]
[Result "0-1"]
[WhiteElo "2490"]
[BlackElo "2240"]
[PlyCount "70"]
[EventDate "1997.08.04"]
[EventType "swiss"]
[EventRounds "11"]
[EventCountry "GBR"]
[SourceTitle "BritBase"]
[Source "John Saunders"]
[SourceDate "2024.07.04"]
[SourceVersion "1"]
[SourceVersionDate "2024.07.04"]
[SourceQuality "1"]

1. c4 g6 2. Nc3 Bg7 3. g3 d6 4. Bg2 Nf6 5. e4 O-O 6. Nge2 e5 7. d3 c6 8. O-O a6
9. b4 Be6 10. h3 b5 11. cxb5 axb5 12. Bg5 Nbd7 13. Qd2 Nb6 14. Rac1 Qd7 15. Qe3
Na4 16. Kh2 Ne8 17. Bh6 Nc7 18. Bxg7 Kxg7 19. Rc2 Nxc3 20. Nxc3 Ra6 21. f4 f6
22. Rcf2 Bg8 23. h4 Ne6 24. f5 Nd4 25. Bh3 Qe7 26. g4 gxf5 27. exf5 Ra3 28. Ne4
Bd5 29. Ng3 Kh8 30. g5 Rfa8 31. g6 Rxa2 32. Nh5 Bf3 33. Nf4 Qg7 {(Greet
offered a draw - which was not heard by Rowson!)} 34. gxh7 exf4 35. Qxd4 Qg3#
0-1

[Event "GBR-ch84"]
[Site "Hove"]
[Date "1997.08.04"]
[Round "1"]
[White "Pert, Nicholas"]
[Black "Ward, Christopher G"]
[Result "0-1"]
[WhiteElo "2240"]
[BlackElo "2505"]
[PlyCount "92"]
[EventDate "1997.08.04"]
[EventType "swiss"]
[EventRounds "11"]
[EventCountry "GBR"]
[SourceTitle "BritBase"]
[Source "John Saunders"]
[SourceDate "2024.07.04"]
[SourceVersion "1"]
[SourceVersionDate "2024.07.04"]
[SourceQuality "1"]

1. d4 Nf6 2. Nf3 c5 3. d5 b5 4. Bg5 d6 5. Bxf6 exf6 6. e4 a6 7. a4 b4 8. Bd3 g6
9. Nbd2 Bg7 10. Nc4 O-O 11. O-O Bb7 12. a5 f5 13. exf5 Bxd5 14. Nb6 Bxf3 15.
Qxf3 Ra7 16. c3 bxc3 17. bxc3 Bxc3 18. Ra4 Be5 19. Rg4 Nd7 20. Bc4 Kg7 21. h4
Nf6 22. Rg3 Bxg3 23. fxg3 Qe7 24. g4 Qe4 25. g5 Qd4+ 26. Qf2 Qxf2+ 27. Rxf2 Ng4
28. f6+ Kg8 29. Rd2 Rd8 30. Nd5 Ne5 31. Ne7+ Kf8 32. Bd5 Rb8 33. Kh2 Rxe7 34.
fxe7+ Kxe7 35. Kg3 Rb5 36. Ra2 c4 37. Bf3 d5 38. Kf4 Kd6 39. Re2 Nxf3 40. gxf3
c3 41. Rc2 d4 42. Ke4 Kc5 43. Kd3 Rb2 44. Rxb2 cxb2 45. Kc2 Kc4 46. Kxb2 Kd3
0-1

[Event "GBR-ch84"]
[Site "Hove"]
[Date "1997.08.04"]
[Round "1"]
[White "Barnes, Michael H"]
[Black "Emms, John M"]
[Result "0-1"]
[WhiteElo "2260"]
[BlackElo "2530"]
[PlyCount "76"]
[EventDate "1997.08.04"]
[EventType "swiss"]
[EventRounds "11"]
[EventCountry "GBR"]
[SourceTitle "BritBase"]
[Source "John Saunders"]
[SourceDate "2024.07.04"]
[SourceVersion "1"]
[SourceVersionDate "2024.07.04"]
[SourceQuality "1"]

1. d4 Nf6 2. Nf3 e6 3. Bg5 c5 4. c3 d5 5. Nbd2 Be7 6. e3 Nbd7 7. Bd3 Qc7 8. O-O
O-O 9. Qe2 b6 10. Bf4 Bd6 11. Bxd6 Qxd6 12. e4 dxe4 13. Nxe4 Qe7 14. dxc5 Nxc5
15. Nxc5 Qxc5 16. Qe5 Qe7 17. Nd4 Bb7 18. Rad1 Rfd8 19. Rfe1 Rd5 20. Qg3 Rad8
21. Bc4 R5d6 22. Rd3 Qf8 23. Rde3 a6 24. a3 b5 25. Bd3 Rd5 26. Re5 h6 27. Bc2
Rxe5 28. Qxe5 Rd5 29. Qg3 Rg5 30. Qc7 Rxg2+ 31. Kf1 Qa8 32. h3 Rg5 33. Ke2 Bd5
34. Kd2 Rg2 35. Qf4 Qd8 36. Kc1 Nh5 37. Qe5 Qg5+ 38. Qxg5 hxg5 0-1

[Event "GBR-ch84"]
[Site "Hove"]
[Date "1997.08.04"]
[Round "1"]
[White "Barton, R Alan"]
[Black "Buckley, Graeme N"]
[Result "1-0"]
[WhiteElo "2170"]
[BlackElo "2380"]
[PlyCount "53"]
[EventDate "1997.08.04"]
[EventType "swiss"]
[EventRounds "11"]
[EventCountry "GBR"]
[SourceTitle "BritBase"]
[Source "John Saunders"]
[SourceDate "2024.07.04"]
[SourceVersion "1"]
[SourceVersionDate "2024.07.04"]
[SourceQuality "1"]

1. d4 Nf6 2. Nf3 g6 3. c4 Bg7 4. Nc3 O-O 5. Bg5 d6 6. e3 c6 7. Be2 a6 8. O-O b5
9. a3 bxc4 10. Bxc4 Bg4 11. h3 Bxf3 12. Qxf3 Qb6 13. b4 Nbd7 14. Rac1 Rac8 15.
Rc2 a5 16. Rb1 axb4 17. axb4 Ra8 18. b5 cxb5 19. Bxb5 Qa5 20. Ra2 Qxc3 21. Rxa8
Rxa8 22. Qxa8+ Nf8 23. Bf1 Qc2 24. Rb8 Ne4 25. Bh4 h6 26. Rc8 Qb1 27. Rxf8+ 1-0

[Event "GBR-ch84"]
[Site "Hove"]
[Date "1997.08.04"]
[Round "1"]
[White "Crouch, Colin S"]
[Black "Rudd, Jack"]
[Result "1-0"]
[WhiteElo "2375"]
[BlackElo "2170"]
[PlyCount "71"]
[EventDate "1997.08.04"]
[EventType "swiss"]
[EventRounds "11"]
[EventCountry "GBR"]
[SourceTitle "BritBase"]
[Source "John Saunders"]
[SourceDate "2024.07.04"]
[SourceVersion "1"]
[SourceVersionDate "2024.07.04"]
[SourceQuality "1"]

1. d4 Nf6 2. c4 c5 3. d5 e6 4. Nc3 exd5 5. cxd5 d6 6. e4 g6 7. f4 Bg7 8. Bb5+
Nfd7 9. a4 O-O 10. Nf3 Re8 11. O-O a6 12. Bd3 Qc7 13. Re1 c4 14. Bf1 Nf6 15. h3
Nbd7 16. Nd2 Nc5 17. Bxc4 Nfxe4 18. Ndxe4 Nxe4 19. Nxe4 Qxc4 20. Nf6+ Bxf6 21.
Rxe8+ Kg7 22. Re1 Bf5 23. Ra3 Rc8 24. Qb3 Qd4+ 25. Be3 Qe4 26. Bf2 Qxf4 27.
Qxb7 Rc2 28. Rf3 Qxa4 29. g4 Be4 30. Rxf6 Kxf6 31. b3 Qa2 32. Bd4+ Kg5 33. Qe7+
Kf4 34. Qxd6+ Kg5 35. Qf6+ Kh6 36. Be3# 1-0

[Event "GBR-ch84"]
[Site "Hove"]
[Date "1997.08.04"]
[Round "1"]
[White "Forbes, Cathy"]
[Black "Houska, Miroslav"]
[Result "0-1"]
[WhiteElo "2120"]
[BlackElo "2360"]
[PlyCount "94"]
[EventDate "1997.08.04"]
[EventType "swiss"]
[EventRounds "11"]
[EventCountry "GBR"]
[SourceTitle "BritBase"]
[Source "John Saunders"]
[SourceDate "2024.07.04"]
[SourceVersion "1"]
[SourceVersionDate "2024.07.04"]
[SourceQuality "1"]

1. d4 c6 2. Nf3 d6 3. e4 Nd7 4. Bc4 Ngf6 5. e5 Nd5 6. O-O dxe5 7. Nxe5 Nxe5 8.
dxe5 e6 9. Nc3 Qc7 10. Nxd5 cxd5 11. Bb3 Be7 12. Bf4 Bd7 13. a4 g5 14. Bg3 h5
15. h3 O-O-O 16. c4 dxc4 17. Bxc4 Bc6 18. Qe2 h4 19. Bh2 g4 20. hxg4 h3 21.
Rfc1 hxg2 22. Bb5 Bg5 23. Rc3 Bf4 24. Bxc6 Bxh2+ 25. Kxg2 bxc6 26. Rac1 Kb8 27.
Qa6 Bxe5 28. Rb3+ Ka8 29. Rxc6 Rd6 30. Rxc7 Rxa6 31. Rxf7 Rxa4 32. Rbb7 Rxg4+
33. Kf3 Ra4 34. b3 Ra6 35. Ke4 Bb8 36. f4 Rc8 37. f5 exf5+ 38. Kxf5 Re8 39. Rb5
Rb6 40. Rxb6 axb6 41. b4 Re5+ 42. Kf6 Re4 43. b5 Re5 44. Rh7 Rxb5 45. Ke7 Rc5
46. Kd8 Rc7 47. Rh6 Rb7 0-1

[Event "GBR-ch84"]
[Site "Hove"]
[Date "1997.08.04"]
[Round "1"]
[White "Hebden, Mark L"]
[Black "Thompson, Ian D"]
[Result "1-0"]
[WhiteElo "2575"]
[BlackElo "2260"]
[PlyCount "73"]
[EventDate "1997.08.04"]
[EventType "swiss"]
[EventRounds "11"]
[EventCountry "GBR"]
[SourceTitle "BritBase"]
[Source "John Saunders"]
[SourceDate "2024.07.04"]
[SourceVersion "1"]
[SourceVersionDate "2024.07.04"]
[SourceQuality "1"]

1. d4 e6 2. Nf3 Nf6 3. Bg5 c5 4. c3 d5 5. Nbd2 Nbd7 6. e3 Bd6 7. Bd3 Qb6 8. Rb1
O-O 9. O-O Qc7 10. b4 b6 11. bxc5 bxc5 12. Qe2 Bb7 13. c4 Ne4 14. cxd5 exd5 15.
Rfc1 Rab8 16. dxc5 Ndxc5 17. Nb3 Qd7 18. Nxc5 Nxc5 19. Nd4 Nxd3 20. Qxd3 Rfc8
21. Nf5 Rxc1+ 22. Rxc1 Bf8 23. h4 Ba6 24. Qxa6 Qxf5 25. Qxa7 Rb2 26. Bf4 h6 27.
Qa8 Qf6 28. Bg3 g5 29. h5 d4 30. Rc8 Qe7 31. exd4 f5 32. Be5 Rb1+ 33. Kh2 Qf7
34. Rxf8+ Qxf8 35. Qc6 Qf7 36. Qxh6 Qe7 37. Qg6+ 1-0

[Event "GBR-ch84"]
[Site "Hove"]
[Date "1997.08.04"]
[Round "1"]
[White "Hunt, Harriet V"]
[Black "Palliser, Richard JD"]
[Result "0-1"]
[WhiteElo "2360"]
[BlackElo "2125"]
[PlyCount "146"]
[EventDate "1997.08.04"]
[EventType "swiss"]
[EventRounds "11"]
[EventCountry "GBR"]
[SourceTitle "BritBase"]
[Source "John Saunders"]
[SourceDate "2024.07.04"]
[SourceVersion "1"]
[SourceVersionDate "2024.07.04"]
[SourceQuality "1"]

1. e4 c5 2. Nf3 d6 3. d4 Nf6 4. Nc3 cxd4 5. Nxd4 g6 6. Bc4 Bg7 7. O-O O-O 8.
Re1 Nc6 9. h3 Bd7 10. Bg5 Rc8 11. Bb3 a6 12. Qd2 Nxd4 13. Qxd4 h6 14. Bd2 Bc6
15. Qe3 Nd7 16. a3 Nc5 17. Ba2 Na4 18. Nxa4 Bxa4 19. c3 Bc6 20. Rad1 Kh7 21.
Bc1 Qa5 22. Qg3 Ba4 23. Rd5 Qb6 24. Qh4 Bc6 25. Rd3 Qc7 26. f4 Bb5 27. Rf3 Bf6
28. Qf2 Bc6 29. e5 Bg7 30. Rfe3 e6 31. Bb1 dxe5 32. fxe5 Rcd8 33. R3e2 Rd5 34.
Qf4 Rfd8 35. Bc2 Bb5 36. Re4 Bd3 37. Bxd3 Rxd3 38. Qf1 R3d5 39. Qe2 Rxe5 40.
Rxe5 Qxe5 41. Qf2 Qf5 42. Qb6 Rd7 43. Rf1 Qd5 44. a4 Qc4 45. a5 Qe2 46. Bf4 e5
47. Be3 f5 48. Bc5 f4 49. Bd6 Qd2 50. Bc7 Qd5 51. b3 Rf7 52. c4 Qe4 53. Bd6 Rf6
54. c5 Qe3+ 55. Kh1 Qe2 56. Kg1 f3 57. gxf3 Rxf3 58. Rxf3 Qxf3 59. Kh2 Qd5 60.
b4 h5 61. b5 Qd2+ 62. Kh1 Qe1+ 63. Kg2 Qe2+ 64. Kh1 Qf3+ 65. Kh2 h4 66. bxa6
Qg3+ 67. Kh1 Qxh3+ 68. Kg1 Qg3+ 69. Kh1 Qf3+ 70. Kh2 h3 71. Qb2 e4 72. Qc2 e3
73. Bg3 Be5 0-1

[Event "GBR-ch84"]
[Site "Hove"]
[Date "1997.08.04"]
[Round "1"]
[White "Kosten, Anthony C"]
[Black "Ledger, David J"]
[Result "1-0"]
[WhiteElo "2530"]
[BlackElo "2255"]
[PlyCount "63"]
[EventDate "1997.08.04"]
[EventType "swiss"]
[EventRounds "11"]
[EventCountry "GBR"]
[SourceTitle "BritBase"]
[Source "John Saunders"]
[SourceDate "2024.07.04"]
[SourceVersion "1"]
[SourceVersionDate "2024.07.04"]
[SourceQuality "1"]

1. c4 Nf6 2. Nc3 g6 3. g3 Bg7 4. Bg2 O-O 5. Nf3 d6 6. d3 e5 7. O-O Nc6 8. Rb1
a5 9. Bg5 h6 10. Bxf6 Bxf6 11. a3 Bg7 12. b4 axb4 13. axb4 Be6 14. Ne1 Rb8 15.
b5 Ne7 16. Nd5 f5 17. Nc2 g5 18. Ncb4 g4 19. e3 f4 20. exf4 exf4 21. Re1 Nxd5
22. Nxd5 Bd7 23. Ne7+ Kh8 24. Ng6+ Kh7 25. Be4 Kg8 26. Bd5+ Kh7 27. Nxf8+ Qxf8
28. d4 f3 29. Qd3+ Kh8 30. Be6 Bxe6 31. Rxe6 Ra8 32. Rbe1 1-0

[Event "GBR-ch84"]
[Site "Hove"]
[Date "1997.08.04"]
[Round "1"]
[White "Lee, Graham D"]
[Black "Mitchell, Martin"]
[Result "1-0"]
[WhiteElo "2350"]
[BlackElo "2115"]
[PlyCount "45"]
[EventDate "1997.08.04"]
[EventType "swiss"]
[EventRounds "11"]
[EventCountry "GBR"]
[SourceTitle "BritBase"]
[Source "John Saunders"]
[SourceDate "2024.07.04"]
[SourceVersion "1"]
[SourceVersionDate "2024.07.04"]
[SourceQuality "1"]

1. e4 e5 2. Nf3 Nc6 3. Bc4 Nf6 4. Ng5 d5 5. exd5 Na5 6. Bb5+ c6 7. dxc6 bxc6 8.
Be2 h6 9. Nf3 e4 10. Ne5 Bd6 11. f4 O-O 12. d4 exd3 13. Qxd3 Qc7 14. O-O Bxe5
15. fxe5 Qxe5 16. Nc3 Ng4 17. Rf4 Nf6 18. Qe3 Qd6 19. Qf2 Re8 20. Be3 Nd5 21.
Nxd5 Qxd5 22. Bd3 a6 23. b4 1-0

[Event "GBR-ch84"]
[Site "Hove"]
[Date "1997.08.04"]
[Round "1"]
[White "Mestel, A Jonathan"]
[Black "Jackson, Adrian"]
[Result "1-0"]
[WhiteElo "2500"]
[BlackElo "2250"]
[PlyCount "83"]
[EventDate "1997.08.04"]
[EventType "swiss"]
[EventRounds "11"]
[EventCountry "GBR"]
[SourceTitle "BritBase"]
[Source "John Saunders"]
[SourceDate "2024.07.04"]
[SourceVersion "1"]
[SourceVersionDate "2024.07.04"]
[SourceQuality "1"]

1. c4 Nf6 2. Nc3 g6 3. e4 d6 4. d4 Bg7 5. f3 e5 6. dxe5 dxe5 7. Qxd8+ Kxd8 8.
Be3 c6 9. b4 Be6 10. h4 Nbd7 11. g4 Nb6 12. c5 Nc4 13. Bxc4 Bxc4 14. h5 a5 15.
Na4 Be6 16. Nb6 Ra6 17. Rd1+ Kc7 18. h6 Bf8 19. a3 Be7 20. Nh3 axb4 21. axb4
Rd8 22. O-O Rxd1 23. Rxd1 Nd7 24. Ng5 Bxg5 25. Bxg5 Ra3 26. Kf2 Ra2+ 27. Kg3 f5
28. Nxd7 Bxd7 29. Bf6 fxe4 30. Bxe5+ Kd8 31. fxe4 Ke7 32. g5 Re2 33. Kf3 Ra2
34. Bf6+ Ke8 35. Rd6 Ra3+ 36. Kf2 Ra2+ 37. Ke1 Ra4 38. Rd4 Ra1+ 39. Kd2 Ra2+
40. Ke3 Rh2 41. Kf4 Re2 42. Ke5 1-0

[Event "GBR-ch84"]
[Site "Hove"]
[Date "1997.08.04"]
[Round "1"]
[White "Mortazavi, Ali"]
[Black "Regan, Natasha K"]
[Result "1-0"]
[WhiteElo "2390"]
[BlackElo "2170"]
[PlyCount "49"]
[EventDate "1997.08.04"]
[EventType "swiss"]
[EventRounds "11"]
[EventCountry "GBR"]
[SourceTitle "BritBase"]
[Source "John Saunders"]
[SourceDate "2024.07.04"]
[SourceVersion "1"]
[SourceVersionDate "2024.07.04"]
[SourceQuality "1"]

1. e4 Nf6 2. e5 Nd5 3. d4 d6 4. Bc4 dxe5 5. dxe5 c6 6. Nc3 Be6 7. Nf3 Qa5 8.
Bd2 Qc7 9. Qe2 Nd7 10. Bxd5 Bxd5 11. Nxd5 cxd5 12. e6 fxe6 13. Qxe6 Qc6 14. Qe2
O-O-O 15. Nd4 Qb6 16. Ne6 Re8 17. c4 d4 18. O-O d3 19. Qg4 g6 20. Bc3 Rg8 21.
Rad1 Qd6 22. Qh3 Kb8 23. Rxd3 Qc6 24. Rfd1 Nb6 25. Qg3+ 1-0

[Event "GBR-ch84"]
[Site "Hove"]
[Date "1997.08.04"]
[Round "1"]
[White "Plaskett, H James"]
[Black "Coleman, David J"]
[Result "1-0"]
[WhiteElo "2450"]
[BlackElo "2230"]
[PlyCount "73"]
[EventDate "1997.08.04"]
[EventType "swiss"]
[EventRounds "11"]
[EventCountry "GBR"]
[SourceTitle "BritBase"]
[Source "John Saunders"]
[SourceDate "2024.07.04"]
[SourceVersion "1"]
[SourceVersionDate "2024.07.04"]
[SourceQuality "1"]

1. e4 c5 2. Nf3 d6 3. d4 cxd4 4. Nxd4 Nf6 5. Nc3 a6 6. Bg5 e6 7. f4 Be7 8. Qf3
Qc7 9. O-O-O Nbd7 10. Bd3 h6 11. Qh3 Nb6 12. f5 e5 13. Nde2 Bd7 14. Be3 Na4 15.
Nxa4 Bxa4 16. Nc3 Bc6 17. Bg5 b5 18. Rhe1 Rb8 19. Bxf6 Bxf6 20. Bf1 O-O 21. Kb1
Rfc8 22. Re2 b4 23. Nd5 Bxd5 24. Rxd5 a5 25. a4 b3 26. Qd3 Rb4 27. cxb3 Qc1+
28. Ka2 Qxf1 29. Rc2 Rxc2 30. Qxf1 Rxe4 31. Qb5 Ree2 32. Qe8+ Kh7 33. Rxa5
Rxb2+ 34. Ka3 Ra2+ 35. Kb4 Re4+ 36. Kb5 Rf4 37. g4 1-0

[Event "GBR-ch84"]
[Site "Hove"]
[Date "1997.08.04"]
[Round "1"]
[White "Smith, Andrew Philip"]
[Black "Gallagher, Joseph G"]
[Result "1/2-1/2"]
[WhiteElo "2255"]
[BlackElo "2525"]
[PlyCount "117"]
[EventDate "1997.08.04"]
[EventType "swiss"]
[EventRounds "11"]
[EventCountry "GBR"]
[SourceTitle "BritBase"]
[Source "John Saunders"]
[SourceDate "2024.07.04"]
[SourceVersion "1"]
[SourceVersionDate "2024.07.04"]
[SourceQuality "1"]

1. e4 c5 2. Nf3 d6 3. d4 cxd4 4. Nxd4 Nf6 5. Nc3 a6 6. Bg5 Nc6 7. Bxf6 gxf6 8.
Nxc6 bxc6 9. Qh5 Be6 10. Be2 Qb6 11. Rb1 Qd4 12. Qa5 Rg8 13. Rd1 Qa7 14. O-O
Bh3 15. Bf3 Bd7 16. Be2 Rg5 17. Qa4 Rb8 18. b3 a5 19. Qc4 Qc5 20. Qd3 Rg8 21.
Kh1 h5 22. f4 h4 23. Na4 Qa7 24. e5 h3 25. gxh3 fxe5 26. fxe5 Be6 27. Bf3 d5
28. Bh5 Rg5 29. Qh7 Rg7 30. Qd3 Rg5 31. Qh7 Rg7 32. Qd3 Rb4 33. Qc3 Rxa4 34.
bxa4 Kd7 35. Bg4 Bxg4 36. hxg4 e6 37. Qf3 Be7 38. Rb1 Bd8 39. Qf2 Qa6 40. Rb8
Qc4 41. Qf3 Rh7 42. Rf2 Qd4 43. Qe2 Bb6 44. Rf1 Bc7 45. Rb7 Kc8 46. Rb3 Bxe5
47. h3 Bc7 48. Qe3 Qxg4 49. Rf3 Qg6 50. Qc5 Kd7 51. Rb7 Qe4 52. Rxc7+ Kxc7 53.
Qa7+ Kd6 54. Qb8+ Ke7 55. Qc7+ Ke8 56. Qc8+ Ke7 57. Qc7+ Kf8 58. Qd8+ Kg7 59.
Qf6+ 1/2-1/2

[Event "GBR-ch84"]
[Site "Hove"]
[Date "1997.08.05"]
[Round "2"]
[White "Wall, Gavin"]
[Black "Levitt, Jonathan P"]
[Result "1-0"]
[WhiteElo "2330"]
[BlackElo "2440"]
[PlyCount "83"]
[EventDate "1997.08.04"]
[EventType "swiss"]
[EventRounds "11"]
[EventCountry "GBR"]
[SourceTitle "BritBase"]
[Source "John Saunders"]
[SourceDate "2024.07.04"]
[SourceVersion "1"]
[SourceVersionDate "2024.07.04"]
[SourceQuality "1"]

1. d4 Nf6 2. Nf3 e6 3. Bf4 b5 4. e3 a6 5. a4 b4 6. c4 bxc3 7. Nxc3 Bb4 8. Rc1
O-O 9. Bd3 a5 10. O-O Ba6 11. e4 Bxd3 12. Qxd3 d5 13. e5 Ne8 14. Ng5 g6 15. Qh3
h5 16. g4 Be7 17. Qh4 Ng7 18. gxh5 Nxh5 19. Kh1 Kg7 20. Rg1 Rh8 21. Be3 Ra6 22.
Qg4 Bxg5 23. Bxg5 Qd7 24. Qf3 Rh7 25. Rg4 Rb6 26. Nb5 Rc6 27. Rcg1 Na6 28. Bf6+
Kf8 29. Bh4 Kg8 30. Nc3 Rb6 31. Qe2 c5 32. Nb5 cxd4 33. Rc1 Rc6 34. Rxc6 Qxc6
35. Nxd4 Qc1+ 36. Rg1 Qf4 37. Rg4 Qc1+ 38. Rg1 Qc8 39. Bg5 Ng7 40. Qb5 Nb4 41.
Rc1 Qa8 42. Qd7 1-0

[Event "GBR-ch84"]
[Site "Hove"]
[Date "1997.08.05"]
[Round "2"]
[White "Ansell, Simon T"]
[Black "Hebden, Mark L"]
[Result "1/2-1/2"]
[WhiteElo "2390"]
[BlackElo "2575"]
[PlyCount "91"]
[EventDate "1997.08.04"]
[EventType "swiss"]
[EventRounds "11"]
[EventCountry "GBR"]
[SourceTitle "BritBase"]
[Source "John Saunders"]
[SourceDate "2024.07.04"]
[SourceVersion "1"]
[SourceVersionDate "2024.07.04"]
[SourceQuality "1"]

1. e4 e5 2. Nf3 Nc6 3. Nc3 Nf6 4. g3 d5 5. exd5 Nxd5 6. Bg2 Nxc3 7. bxc3 Bc5 8.
O-O O-O 9. d3 Bb6 10. Qe2 Re8 11. Bb2 Bg4 12. h3 Bh5 13. g4 Bg6 14. Nd2 Qh4 15.
Nc4 h5 16. a4 hxg4 17. Qxg4 Qxg4 18. hxg4 Na5 19. Ne3 Bxe3 20. fxe3 e4 21. d4
Nc4 22. Bc1 c5 23. Rf2 cxd4 24. cxd4 b6 25. Rb1 f6 26. Rb4 Rac8 27. Bf1 Na5 28.
c4 Rc7 29. Ba3 Bf7 30. Rc2 Rec8 31. c5 bxc5 32. dxc5 Nb3 33. Rb5 a6 34. Rb6
Nxc5 35. Rxc5 Rxc5 36. Bxc5 Rxc5 37. Bxa6 Rc3 38. Rb8+ Kh7 39. Bb5 Kh6 40. Rd8
Be6 41. Rh8+ Kg6 42. Be8+ Bf7 43. Rh3 Ra3 44. Bb5 Ra2 45. Bc6 Be6 46. Be8+
1/2-1/2

[Event "GBR-ch84"]
[Site "Hove"]
[Date "1997.08.05"]
[Round "2"]
[White "Bates, Richard A"]
[Black "Mestel, A Jonathan"]
[Result "1/2-1/2"]
[WhiteElo "2345"]
[BlackElo "2500"]
[PlyCount "97"]
[EventDate "1997.08.04"]
[EventType "swiss"]
[EventRounds "11"]
[EventCountry "GBR"]
[SourceTitle "BritBase"]
[Source "John Saunders"]
[SourceDate "2024.07.04"]
[SourceVersion "1"]
[SourceVersionDate "2024.07.04"]
[SourceQuality "1"]

1. d4 Nf6 2. c4 g6 3. Nc3 Bg7 4. e4 d6 5. h3 O-O 6. Bg5 c6 7. Nf3 a6 8. Bd3 b5
9. e5 dxe5 10. dxe5 Nfd7 11. e6 fxe6 12. Qe2 Nc5 13. Bc2 b4 14. Ne4 Bxb2 15.
Rd1 Qa5 16. O-O Nxe4 17. Bxe4 Bf6 18. Bh6 Re8 19. g4 Ra7 20. Qc2 Kf7 21. g5 Bh8
22. Nh4 Rg8 23. Rd3 Rd7 24. Rf3+ Ke8 25. Bxg6+ Kd8 26. Bxh7 Rxg5+ 27. Bxg5
Qxg5+ 28. Ng2 Bf6 29. Rg3 Qh6 30. Ne3 Kc7 31. c5 Bd4 32. Be4 Qh5 33. Rc1 Bc3
34. a3 a5 35. axb4 axb4 36. h4 Rd2 37. Qa4 Qxc5 38. Rg5 Qb6 39. Rc2 Rd4 40. Rg7
Rxe4 41. Rxc3 Qa6 42. Rxe7+ Kd8 43. Ra7 Qxa4 44. Rxa4 Rxh4 45. Nc2 c5 46. Rxc5
Bb7 47. Kf1 Rh1+ 48. Ke2 b3 49. Ne1 1/2-1/2

[Event "GBR-ch84"]
[Site "Hove"]
[Date "1997.08.05"]
[Round "2"]
[White "Conquest, Stuart C"]
[Black "Mortazavi, Ali"]
[Result "1/2-1/2"]
[WhiteElo "2500"]
[BlackElo "2390"]
[PlyCount "77"]
[EventDate "1997.08.04"]
[EventType "swiss"]
[EventRounds "11"]
[EventCountry "GBR"]
[SourceTitle "BritBase"]
[Source "John Saunders"]
[SourceDate "2024.07.04"]
[SourceVersion "1"]
[SourceVersionDate "2024.07.04"]
[SourceQuality "1"]

1. e4 c5 2. Nf3 e6 3. c3 Nf6 4. e5 Nd5 5. d4 cxd4 6. cxd4 d6 7. a3 Nc6 8. Bd3
Be7 9. O-O O-O 10. Qe2 f5 11. exf6 Bxf6 12. Nc3 Nxc3 13. bxc3 d5 14. Rb1 Qc7
15. Re1 Bd7 16. Ng5 Bxg5 17. Bxg5 Rf7 18. Bh4 Na5 19. Qc2 g6 20. Bg3 Qc6 21. h4
Rc8 22. Rbc1 Qa4 23. Qe2 Qxa3 24. h5 Rxc3 25. Ra1 Qb4 26. hxg6 hxg6 27. Be5 Nc6
28. Bxg6 Nxe5 29. Qxe5 Rg7 30. Reb1 Qc4 31. Bh5 Bc8 32. Rxa7 Rc1+ 33. Rxc1
Qxc1+ 34. Kh2 Qf1 35. g4 Qxf2+ 36. Kh3 Qf3+ 37. Kh2 Qf2+ 38. Kh3 Qf3+ 39. Kh2
1/2-1/2

[Event "GBR-ch84"]
[Site "Hove"]
[Date "1997.08.05"]
[Round "2"]
[White "Emms, John M"]
[Black "Kinsman, Andrew PH"]
[Result "1/2-1/2"]
[WhiteElo "2530"]
[BlackElo "2395"]
[PlyCount "83"]
[EventDate "1997.08.04"]
[EventType "swiss"]
[EventRounds "11"]
[EventCountry "GBR"]
[SourceTitle "BritBase"]
[Source "John Saunders"]
[SourceDate "2024.07.04"]
[SourceVersion "1"]
[SourceVersionDate "2024.07.04"]
[SourceQuality "1"]

1. e4 e6 2. d4 d5 3. Nd2 Nf6 4. Bd3 c5 5. e5 Nfd7 6. c3 Nc6 7. Ne2 cxd4 8. cxd4
f6 9. exf6 Nxf6 10. Nf3 Qb6 11. O-O Bd6 12. Bf4 Bxf4 13. Nxf4 O-O 14. Qd2 Kh8
15. Ne2 Bd7 16. Rac1 Rae8 17. Rc3 e5 18. dxe5 Nxe5 19. Nxe5 Rxe5 20. Rb3 Qc7
21. Ng3 Rfe8 22. Qf4 Qc8 23. h3 Nh5 24. Nxh5 Rxh5 25. Rc1 Bc6 26. Qd4 a6 27.
Rbc3 Rh6 28. a3 Qd7 29. Qg4 Qd6 30. Qb4 Qxb4 31. axb4 Rh4 32. Bxa6 Rxb4 33. b3
d4 34. Rg3 Bxg2 35. Kxg2 bxa6 36. Rc7 g6 37. Rf3 Rd8 38. Rff7 d3 39. Rxh7+ Kg8
40. Rhg7+ Kh8 41. Rh7+ Kg8 42. Rhg7+ 1/2-1/2

[Event "GBR-ch84"]
[Site "Hove"]
[Date "1997.08.05"]
[Round "2"]
[White "Houska, Jovanka"]
[Black "Plaskett, H James"]
[Result "0-1"]
[WhiteElo "2155"]
[BlackElo "2450"]
[PlyCount "96"]
[EventDate "1997.08.04"]
[EventType "swiss"]
[EventRounds "11"]
[EventCountry "GBR"]
[SourceTitle "BritBase"]
[Source "John Saunders"]
[SourceDate "2024.07.04"]
[SourceVersion "1"]
[SourceVersionDate "2024.07.04"]
[SourceQuality "1"]

1. e4 c5 2. Nf3 Nc6 3. d4 cxd4 4. Nxd4 e6 5. Be3 Qc7 6. a3 a6 7. Be2 Nf6 8. Nc3
Be7 9. O-O d6 10. Kh1 Bd7 11. f4 O-O 12. Qe1 b5 13. Qg3 Kh8 14. Rad1 Rab8 15.
Bd3 b4 16. Nce2 bxa3 17. bxa3 Qa5 18. Nxc6 Bxc6 19. Bd4 Qh5 20. Nc3 Qg6 21.
Qxg6 hxg6 22. e5 dxe5 23. Bxe5 Ra8 24. h3 Rfd8 25. Rb1 Bc5 26. Kh2 Kg8 27. Bxf6
gxf6 28. Ne4 Be7 29. Rb6 Rdc8 30. Re1 f5 31. Nd2 a5 32. Nc4 Bd5 33. Ne3 Bc6 34.
Nc4 Bc5 35. Rbb1 Rc7 36. g3 a4 37. g4 Rd8 38. Re5 Bd5 39. Ne3 Bxe3 40. Rxe3 Rc3
41. gxf5 gxf5 42. Rg3+ Kf8 43. Rb4 Rxa3 44. Bb5 Rxg3 45. Kxg3 a3 46. Ra4 Ra8
47. Ba6 a2 48. Kf2 Bc4 0-1

[Event "GBR-ch84"]
[Site "Hove"]
[Date "1997.08.05"]
[Round "2"]
[White "Knott, Simon John Bradley"]
[Black "Kosten, Anthony C"]
[Result "0-1"]
[WhiteElo "2370"]
[BlackElo "2530"]
[PlyCount "88"]
[EventDate "1997.08.04"]
[EventType "swiss"]
[EventRounds "11"]
[EventCountry "GBR"]
[SourceTitle "BritBase"]
[Source "John Saunders"]
[SourceDate "2024.07.04"]
[SourceVersion "1"]
[SourceVersionDate "2024.07.04"]
[SourceQuality "1"]

1. c4 e5 2. Nc3 Nf6 3. Nf3 Nc6 4. e4 Bb4 5. d3 d6 6. g3 Bc5 7. Bg2 Nd4 8. Nxd4
Bxd4 9. O-O a6 10. Be3 Bxe3 11. fxe3 Be6 12. b4 c6 13. c5 a5 14. a3 O-O 15. Qd2
dxc5 16. bxc5 Nd7 17. Na4 Bb3 18. Nb2 Nxc5 19. Qc3 Qb6 20. Rab1 Ba2 21. Ra1 Be6
22. Qxe5 Rad8 23. Rab1 Ba2 24. Rbd1 Nd7 25. Qd4 Qxd4 26. exd4 Nb6 27. d5 cxd5
28. Rc1 dxe4 29. Bxe4 Bd5 30. Rc7 Rc8 31. Rfc1 Bc6 32. Rxc8 Rxc8 33. Kf2 Kf8
34. Bxc6 Rxc6 35. Rxc6 bxc6 36. Ke3 Ke7 37. Kd4 Kd6 38. h4 f5 39. h5 c5+ 40.
Ke3 Ke5 41. Kf3 g5 42. hxg6 hxg6 43. Ke3 g5 44. Ke2 Kd4 0-1